| 000 | 01034cam a22002171 4500 | ||
|---|---|---|---|
| 001 | e 12001464 | ||
| 003 | DLC | ||
| 005 | 20260227111158.0 | ||
| 008 | 811121s1911 xx a 000 0 fre | ||
| 010 | _ae 12001464 | ||
| 035 | _a(OCoLC)14785430 | ||
| 040 |
_aDLC _cDNLM _dDLC |
||
| 042 | _apremarc | ||
| 050 | 0 | 0 |
_aPG499 _b.L9 |
| 060 | 0 |
_aWS 200 _bL987r 1911 |
|
| 100 | 1 |
_aLynch, Ricardo, _d1871- |
|
| 245 | 1 | 0 |
_aRapport présenté au Dr. José María Ramos Mejía, _bprésident du Conseil national d'éducation de Buenos Aires _cpar le Dr. Ricardo Lynch, à l'occasion d'expériences faites dans les écoles Nicolás Avellaneda et Onésimo Leguizamón, sur un groupe de 35 enfants débiles, maladifs, chlorotiques, nerveux, apathiques, mélancoliques, peu intelligents et arriérés en enseignement, à l'effet de les améliorer et de renforcer leur état psychique et somatique ... |
| 260 |
_aBuenos Aires, _c1911. |
||
| 300 |
_a1 p. l., iv, 293 p. _bill. |
||
| 710 | 1 |
_aBuenos Aires (Argentina). _bConsejo nacional de educación. |
|
| 999 |
_c19412 _d19412 |
||